[Event "Granby"]
[Site "Granby CAN"]
[Date "2018.11.24"]
[Round "2.1"]
[White "Turcotte, Jonathan"]
[Black "Hebert, Jean"]
[Result "0-1"]
[WhiteElo "2057"]
[BlackElo "2439"]
[PlyCount "96"]
[GameId "2160767908035473"]
[EventDate "2018.11.23"]
[EventType "swiss"]
[EventRounds "5"]
[EventCountry "CAN"]
[SourceTitle "EXT 2022"]
[Source "ChessBase"]
[SourceDate "2021.10.06"]
[SourceVersion "1"]
[SourceVersionDate "2021.10.06"]
[SourceQuality "1"]

1. d4 Nf6 2. c4 e6 3. Nf3 c5 4. d5 exd5 5. cxd5 d6 6. Nc3 g6 7. h3 Bg7 8. e4 O-O 9. Bd3 Nbd7 10. O-O a6 11. a4 Rb8 12. Bf4 Ne8 13. Re1 f6 14. Qd2 Ne5 15. Nxe5 fxe5 16. Bg5 Bf6 17. Bh6 Rf7 18. a5 b5 19. axb6 Rxb6 20. Reb1 Nc7 21. Be3 Rb8 22. b4 cxb4 23. Ne2 b3 24. Ra3 Nb5 25. Raxb3 Rfb7 26. Qa2 Bg5 27. Bxg5 Qxg5 28. Qxa6 Qd2 29. Qc6 Bd7 30. Qc4 Na3 31. Rxb7 Rxb7 32. Rxb7 Nxc4 33. Bxc4 Ba4 34. Ng3 Qc1+ 35. Bf1 h5 36. Rb4 Bd1 37. Rc4 Qd2 38. h4 Bg4 39. Rc6 Qb4 40. Rc4 Qb1 41. Rc6 g5 42. f3 gxh4 43. Ne2 h3 44. Rc1 Qb6+ 45. Kh2 Bd7 46. Ng3 h4 47. Nh5 Kf7 48. gxh3 Qb2+ 0-1

[Event "Granby"]
[Site "Granby CAN"]
[Date "2018.11.24"]
[Round "3.1"]
[White "Hebert, Jean"]
[Black "Chiku-Ratte, Olivier-Kenta"]
[Result "1/2-1/2"]
[WhiteElo "2439"]
[BlackElo "2412"]
[PlyCount "118"]
[GameId "2160767908035482"]
[EventDate "2018.11.23"]
[EventType "swiss"]
[EventRounds "5"]
[EventCountry "CAN"]
[SourceTitle "EXT 2022"]
[Source "ChessBase"]
[SourceDate "2021.10.06"]
[SourceVersion "1"]
[SourceVersionDate "2021.10.06"]
[SourceQuality "1"]

1. Nf3 Nf6 2. g3 g6 3. Bg2 Bg7 4. c4 O-O 5. Nc3 d6 6. d4 Nc6 7. O-O a6 8. h3 Rb8 9. Be3 b5 10. cxb5 axb5 11. Rc1 Bd7 12. Nd2 Na5 13. b3 b4 14. Na4 c6 15. Bg5 h6 16. Bxf6 Bxf6 17. Nc4 Nxc4 18. Rxc4 d5 19. Rc5 Kg7 20. e3 Re8 21. f4 e6 22. Rf2 g5 23. Bf1 Qe7 24. Rcc2 gxf4 25. gxf4 Kh8 26. Qh5 Rg8+ 27. Rg2 Rxg2+ 28. Rxg2 Bg7 29. Nc5 Rg8 30. Qg4 Be8 31. Nd3 f6 32. Be2 Kh7 33. Nc5 Bf7 34. Qh4 Qe8 35. Bd3+ f5 36. Bf1 Bg6 37. Qe1 Bh5 38. Be2 Bf6 39. Qf1 Rxg2+ 40. Qxg2 Bxe2 41. Qxe2 Qg8+ 42. Qg2 Qe8 43. Qf3 Qg8+ 44. Kh2 Be7 45. Nd3 Bd6 46. Qd1 Qa8 47. Qc2 Qa6 48. Kg2 Kg7 49. Kf2 Kf6 50. Qe2 Kg7 51. Ke1 Qb5 52. Qc2 Kf6 53. Kd1 Qa6 54. Kc1 Qa3+ 55. Kb1 Qa6 56. Qd1 Qb5 57. Qc2 Qa6 58. Kb2 Qa3+ 59. Kb1 Qa6 1/2-1/2

[Event "Granby"]
[Site "Granby CAN"]
[Date "2018.11.25"]
[Round "4.1"]
[White "Li, Yi Lin"]
[Black "Hebert, Jean"]
[Result "0-1"]
[WhiteElo "1999"]
[BlackElo "2439"]
[PlyCount "92"]
[GameId "2160767908035490"]
[EventDate "2018.11.23"]
[EventType "swiss"]
[EventRounds "5"]
[EventCountry "CAN"]

1. e4 e6 2. d4 d5 3. exd5 exd5 4. Bd3 Bd6 5. Nf3 Ne7 6. O-O Nbc6 7. c3 Bg4 8. b4 h6 9. Nbd2 O-O 10. Qc2 Qd7 11. b5 Na5 12. Ne5 Bxe5 13. dxe5 c5 14. c4 dxc4 15. Nxc4 Nxc4 16. Bxc4 Rad8 17. Bb2 b6 18. a4 Be6 19. Rfd1 Qc8 20. Re1 Bxc4 21. Qxc4 Qe6 22. Qe2 Rd7 23. Red1 Rfd8 24. Rxd7 Rxd7 25. Rd1 Rd5 26. g3 Qd7 27. Rxd5 Qxd5 28. Qc2 Qf3 29. Qd2 Nd5 30. Qc2 Nb4 31. Qd2 Nd3 32. Bc3 Nxf2 33. Qxf2 Qxc3 34. Qf5 Qd4+ 35. Kf1 g6 36. Qc8+ Kg7 37. Qa6 Qd7 38. a5 Qd1+ 39. Kf2 Qd2+ 40. Kf3 Qxa5 41. Qb7 Qxb5 42. Qxa7 c4 43. Qc7 Qd5+ 44. Ke2 b5 45. Qe7 c3 46. Qf6+ Kg8 0-1

[Event "Granby"]
[Site "Granby CAN"]
[Date "2018.11.25"]
[Round "5.1"]
[White "Hebert, Jean"]
[Black "Leger, Maxime"]
[Result "1-0"]
[WhiteElo "2439"]
[BlackElo "2058"]
[PlyCount "73"]
[GameId "2160767908035498"]
[EventDate "2018.11.23"]
[EventType "swiss"]
[EventRounds "5"]
[EventCountry "CAN"]
[SourceTitle "EXT 2022"]
[Source "ChessBase"]
[SourceDate "2021.10.06"]
[SourceVersion "1"]
[SourceVersionDate "2021.10.06"]
[SourceQuality "1"]

1. Nf3 g6 2. e4 Bg7 3. d4 d5 4. exd5 Qxd5 5. c4 Qd8 6. h3 c5 7. d5 Nf6 8. Nc3 O-O 9. Be2 e6 10. O-O exd5 11. cxd5 a6 12. a4 b6 13. Be3 Nbd7 14. Qc2 Bb7 15. Rad1 h6 16. Bf4 Re8 17. Rfe1 Rc8 18. Bc4 Rxe1+ 19. Rxe1 Ne8 20. Qd3 Qf6 21. Bg3 Nd6 22. Ne4 Nxe4 23. Rxe4 Qxb2 24. Re7 b5 25. Rxd7 bxc4 26. Qxc4 Qb6 27. a5 Qb1+ 28. Kh2 Qb2 29. d6 Rf8 30. Rc7 Bxf3 31. gxf3 Bd4 32. Kg2 Qb5 33. Qxb5 axb5 34. d7 b4 35. Rc8 Bf6 36. Bd6 Rd8 37. Bc7 1-0

[Event "Contrecoeur-A"]
[Site "Contrecoeur CAN"]
[Date "2018.11.02"]
[Round "1.1"]
[White "Hebert, Jean"]
[Black "Falardeau, Bruno"]
[Result "1-0"]
[WhiteElo "2443"]
[BlackElo "2050"]
[PlyCount "29"]
[GameId "2160767908060492"]
[EventDate "2018.11.02"]
[EventType "swiss"]
[EventRounds "5"]
[EventCountry "CAN"]
[SourceTitle "EXT 2022"]
[Source "ChessBase"]
[SourceDate "2021.10.06"]
[SourceVersion "1"]
[SourceVersionDate "2021.10.06"]
[SourceQuality "1"]

1. Nf3 c5 2. c4 Nc6 3. Nc3 e6 4. d4 cxd4 5. Nxd4 Nf6 6. g3 Bb4 7. Bg2 O-O 8. O-O Bxc3 9. bxc3 h6 10. Ba3 Re8 11. Nb5 Qa5 12. Bd6 b6 13. Qb3 Rd8 14. Rfd1 Ne8 15. Bb4 1-0

[Event "Contrecoeur-A"]
[Site "Contrecoeur CAN"]
[Date "2018.11.03"]
[Round "2.1"]
[White "Chiku-Ratte, Olivier-Kenta"]
[Black "Hebert, Jean"]
[Result "1-0"]
[WhiteElo "2393"]
[BlackElo "2443"]
[PlyCount "91"]
[GameId "2160767908060496"]
[EventDate "2018.11.02"]
[EventType "swiss"]
[EventRounds "5"]
[EventCountry "CAN"]
[SourceTitle "EXT 2022"]
[Source "ChessBase"]
[SourceDate "2021.10.06"]
[SourceVersion "1"]
[SourceVersionDate "2021.10.06"]
[SourceQuality "1"]

1. d4 Nf6 2. Bf4 g6 3. Nc3 d5 4. e3 Bg7 5. Nf3 O-O 6. Bd3 c5 7. O-O cxd4 8. exd4 Bg4 9. Be2 Bxf3 10. Bxf3 Nc6 11. Na4 e6 12. c3 b6 13. Re1 Ne8 14. Qe2 Nd6 15. Rad1 Rc8 16. b3 Qd7 17. g3 Rfd8 18. Bg2 Nf5 19. Qb5 Nd6 20. Qd3 Re8 21. h4 h5 22. Kh2 Ne7 23. Nb2 Nef5 24. Qd2 Nb5 25. Rc1 Nbd6 26. Nd3 f6 27. a4 Kh7 28. a5 Qb5 29. axb6 axb6 30. Nb4 Qd7 31. Qd3 e5 32. Nxd5 exf4 33. Nxb6 Qc7 34. Nxc8 fxg3+ 35. fxg3 Rxc8 36. Bh3 Bh6 37. Rc2 Rb8 38. c4 Rxb3 39. Qxb3 Nxd4 40. Qd3 Nxc2 41. Qxc2 Qxc4 42. Re7+ Bg7 43. Qb2 Nf7 44. Qb7 Qa2+ 45. Bg2 Kg8 46. Rxf7 1-0

[Event "Contrecoeur-A"]
[Site "Contrecoeur CAN"]
[Date "2018.11.03"]
[Round "3.3"]
[White "Hebert, Jean"]
[Black "Huang, Qiuyu"]
[Result "1-0"]
[WhiteElo "2443"]
[BlackElo "2247"]
[PlyCount "91"]
[GameId "2160767908060504"]
[EventDate "2018.11.02"]
[EventType "swiss"]
[EventRounds "5"]
[EventCountry "CAN"]
[SourceTitle "EXT 2022"]
[Source "ChessBase"]
[SourceDate "2021.10.06"]
[SourceVersion "1"]
[SourceVersionDate "2021.10.06"]
[SourceQuality "1"]

1. Nf3 d5 2. g3 Nf6 3. Bg2 e6 4. O-O Be7 5. d3 O-O 6. Nbd2 c5 7. e4 Nc6 8. Re1 b5 9. e5 Nd7 10. Nf1 Qc7 11. Bf4 Rd8 12. h4 Nf8 13. h5 Bb7 14. N1h2 d4 15. Ng4 c4 16. h6 g6 17. Bg5 Nb4 18. Bxe7 Qxe7 19. a3 Nc6 20. Qd2 Rab8 21. Qf4 Nd7 22. Ng5 Qf8 23. dxc4 bxc4 24. Bxc6 Bxc6 25. Qxd4 Bd5 26. Rad1 Rb6 27. Ne4 Kh8 28. Qc3 Nc5 29. Nxc5 Qxc5 30. b4 Qe7 31. Nf6 Rb5 32. Rd4 a5 33. Nxd5 exd5 34. Qf3 axb4 35. axb4 Kg8 36. c3 Qg5 37. Qf6 Qxf6 38. exf6 Kf8 39. Re5 Rd6 40. Rxc4 dxc4 41. Rxb5 Rxf6 42. Rc5 g5 43. Rxc4 Rxh6 44. Rc5 g4 45. b5 Ke7 46. Rc7+ 1-0

[Event "Contrecoeur-A"]
[Site "Contrecoeur CAN"]
[Date "2018.11.04"]
[Round "4.3"]
[White "Hebert, Jean"]
[Black "Tanaka, Tyler"]
[Result "1-0"]
[WhiteElo "2443"]
[BlackElo "2156"]
[PlyCount "65"]
[GameId "2160767908060510"]
[EventDate "2018.11.02"]
[EventType "swiss"]
[EventRounds "5"]
[EventCountry "CAN"]
[SourceTitle "EXT 2022"]
[Source "ChessBase"]
[SourceDate "2021.10.06"]
[SourceVersion "1"]
[SourceVersionDate "2021.10.06"]
[SourceQuality "1"]

1. Nf3 Nf6 2. c4 g6 3. Nc3 Bg7 4. e4 d6 5. d4 O-O 6. h3 Na6 7. Be3 c6 8. Bd3 e5 9. d5 Nh5 10. O-O Nf4 11. dxc6 bxc6 12. Re1 Ne6 13. Rb1 Nac5 14. b4 Nxd3 15. Qxd3 c5 16. Qd5 Rb8 17. bxc5 Rxb1 18. Rxb1 dxc5 19. Qxd8 Rxd8 20. Nd5 Ba6 21. Ne7+ Kf8 22. Nc6 Re8 23. Nfxe5 Nd4 24. Nd7+ Kg8 25. Nxc5 Ne2+ 26. Kh2 Bxc4 27. a4 Bf8 28. Nd7 Bg7 29. e5 Be6 30. Nf6+ Bxf6 31. exf6 Nc3 32. Ne7+ Kh8 33. Bh6 1-0

[Event "Contrecoeur-A"]
[Site "Contrecoeur CAN"]
[Date "2018.11.04"]
[Round "5.2"]
[White "Rodrigue-Lemieux, Shawn"]
[Black "Hebert, Jean"]
[Result "1/2-1/2"]
[WhiteElo "2314"]
[BlackElo "2443"]
[PlyCount "32"]
[GameId "2160767908060514"]
[EventDate "2018.11.02"]
[EventType "swiss"]
[EventRounds "5"]
[EventCountry "CAN"]
[SourceTitle "EXT 2022"]
[Source "ChessBase"]
[SourceDate "2021.10.06"]
[SourceVersion "1"]
[SourceVersionDate "2021.10.06"]
[SourceQuality "1"]

1. e4 e6 2. d4 d5 3. Nd2 c5 4. Ngf3 Nf6 5. exd5 exd5 6. Bb5+ Bd7 7. Bxd7+ Nbxd7 8. O-O Be7 9. Re1 O-O 10. dxc5 Nxc5 11. Nb3 Nce4 12. h3 Re8 13. Be3 Bd6 14. Qd3 Qc7 15. Rad1 a6 16. c3 Rac8 1/2-1/2

[Event "CAN-op"]
[Site "Quebec CAN"]
[Date "2018.07.07"]
[Round "1.7"]
[White "Saine, Zachary"]
[Black "Hebert, Jean"]
[Result "0-1"]
[WhiteElo "1899"]
[BlackElo "2367"]
[PlyCount "72"]
[GameId "2160767908156766"]
[EventDate "2018.07.07"]
[EventType "swiss"]
[EventRounds "9"]
[EventCountry "CAN"]

1. e4 c5 2. Ne2 Nc6 3. d4 cxd4 4. Nxd4 e6 5. Be3 Nf6 6. Bd3 d5 7. Nxc6 bxc6 8. Nd2 Be7 9. O-O O-O 10. f4 Bb7 11. e5 Nd7 12. c3 f5 13. b4 c5 14. a3 a5 15. Rb1 Qc7 16. h3 axb4 17. axb4 Ra3 18. Rc1 Rc8 19. Nb1 Ra2 20. Rf2 Rxf2 21. Kxf2 Ra8 22. Qd2 Bc6 23. Rc2 Qb7 24. Rb2 d4 25. cxd4 cxb4 26. Bc4 Bd5 27. Qe2 Nb6 28. Bxd5 Qxd5 29. Nd2 Na4 30. Rb3 Nc3 31. Qd3 Ra2 32. Rxc3 bxc3 33. Qxc3 Kf7 34. Qc7 g5 35. Ke2 Qxg2+ 36. Kd3 Ra3+ 0-1

[Event "CAN-op"]
[Site "Quebec CAN"]
[Date "2018.07.08"]
[Round "2.6"]
[White "Hebert, Jean"]
[Black "Gaisinsky, Adam"]
[Result "1-0"]
[WhiteElo "2367"]
[BlackElo "1959"]
[PlyCount "103"]
[GameId "2160767908156793"]
[EventDate "2018.07.07"]
[EventType "swiss"]
[EventRounds "9"]
[EventCountry "CAN"]

1. Nf3 Nf6 2. c4 e6 3. g3 b6 4. Bg2 Bb7 5. O-O Be7 6. Nc3 O-O 7. Re1 d5 8. cxd5 Nxd5 9. d4 Nd7 10. e4 Nxc3 11. bxc3 c5 12. Bf4 Nf6 13. Ne5 Rc8 14. Qa4 a6 15. Rad1 b5 16. Qb3 cxd4 17. cxd4 Bd6 18. Nxf7 Rxf7 19. Bxd6 Qxd6 20. e5 Qb6 21. Bxb7 Qxb7 22. exf6 Rxf6 23. Rxe6 Qf7 24. Rde1 Rxe6 25. Rxe6 Rc4 26. Qe3 Rc8 27. d5 h6 28. h4 Rd8 29. Qe4 Rf8 30. Qe3 Qh5 31. Qd4 Qf5 32. Rxa6 Re8 33. Ra7 Qg6 34. h5 Qg5 35. Kg2 Rd8 36. d6 Qf6 37. Qd5+ Kh7 38. Qe4+ Kh8 39. Qe7 Qxe7 40. dxe7 Re8 41. Kf3 Kg8 42. Ke4 Kf7 43. f4 Ke6 44. g4 Kd6 45. Kf5 Rxe7 46. Rxe7 Kxe7 47. Ke5 Kf7 48. Kd5 g6 49. hxg6+ Kxg6 50. Kc5 h5 51. gxh5+ Kxh5 52. Kxb5 1-0

[Event "CAN-op"]
[Site "Quebec CAN"]
[Date "2018.07.08"]
[Round "3.4"]
[White "Dukic, Zachary"]
[Black "Hebert, Jean"]
[Result "0-1"]
[WhiteElo "2118"]
[BlackElo "2367"]
[PlyCount "78"]
[GameId "2160767908156819"]
[EventDate "2018.07.07"]
[EventType "swiss"]
[EventRounds "9"]
[EventCountry "CAN"]

1. e4 c5 2. Nf3 Nc6 3. d4 cxd4 4. Nxd4 e6 5. Nc3 Qc7 6. Be3 a6 7. Qd2 Nf6 8. O-O-O Bb4 9. f3 d5 10. a3 Bxc3 11. Qxc3 dxe4 12. Nxc6 Qxc6 13. Qxc6+ bxc6 14. Bc5 Bb7 15. Be2 Rd8 16. c4 Rxd1+ 17. Rxd1 Nd7 18. Bd6 c5 19. b4 f5 20. Kc2 Kf7 21. Kc3 Rc8 22. f4 e3 23. Bf3 Bxf3 24. gxf3 Rc6 25. Bxc5 Nxc5 26. bxc5 Rxc5 27. Kb4 Rc7 28. Re1 g5 29. Rxe3 gxf4 30. Rd3 e5 31. c5 e4 32. Rd5 Ke6 33. Kc4 Rd7 34. fxe4 fxe4 35. Rh5 f3 36. c6 Rc7 37. Rh4 f2 38. Rf4 Rf7 39. c7 Rxc7+ 0-1

[Event "CAN-op"]
[Site "Quebec CAN"]
[Date "2018.07.09"]
[Round "4.2"]
[White "Hebert, Jean"]
[Black "Bitan, Banerjee"]
[Result "1/2-1/2"]
[WhiteElo "2363"]
[BlackElo "2398"]
[PlyCount "52"]
[GameId "2160767908156845"]
[EventDate "2018.07.07"]
[EventType "swiss"]
[EventRounds "9"]
[EventCountry "CAN"]
[SourceTitle "hb 2018"]

1. d4 d5 2. Nf3 Nf6 3. Bg5 c5 4. dxc5 Nc6 5. e3 Ne4 6. Bh4 g6 7. Nbd2 Nxc5 8. Nb3 Nxb3 9. axb3 Bg7 10. c3 O-O 11. b4 a5 12. b5 Ne5 13. Be2 b6 14. Nd4 Bb7 15. O-O Rc8 16. Qb3 Re8 17. Rad1 Qd7 18. h3 Rc5 19. Qa2 Qc8 20. Nb3 Rc7 21. Bg3 Rd7 22. Nd4 e6 23. Qa4 Qc5 24. Nb3 Qc8 25. Nd4 Qc5 26. Nb3 Qc8 1/2-1/2

[Event "CAN-op"]
[Site "Quebec CAN"]
[Date "2018.07.10"]
[Round "5.1"]
[White "Hebert, Jean"]
[Black "Sambuev, Bator"]
[Result "1/2-1/2"]
[WhiteElo "2363"]
[BlackElo "2514"]
[PlyCount "124"]
[GameId "2160767908156868"]
[EventDate "2018.07.07"]
[EventType "swiss"]
[EventRounds "9"]
[EventCountry "CAN"]
[SourceTitle "hb 2018"]

1. d4 Nf6 2. c4 e6 3. Nf3 Bb4+ 4. Bd2 Bxd2+ 5. Qxd2 O-O 6. Nc3 d5 7. e3 Qe7 8. Rc1 Rd8 9. Qc2 Nbd7 10. cxd5 exd5 11. Bd3 Nf8 12. O-O c6 13. Rfe1 Be6 14. a3 Ne8 15. e4 dxe4 16. Nxe4 h6 17. Nc5 Nd6 18. Qe2 Re8 19. Qe5 Rad8 20. h3 Qf6 21. Qxf6 gxf6 22. Nxe6 fxe6 23. Re3 Nc8 24. Bc4 Nb6 25. Ba2 Nd5 26. Ree1 Kf7 27. g3 Ng6 28. Kf1 Nge7 29. Bb1 Nc7 30. Rc4 Rd5 31. Rc5 Red8 32. Rec1 Nb5 33. Rxd5 Nxd5 34. Bd3 Ndc7 35. Bxb5 Nxb5 36. Rc4 Nd6 37. Rc2 Ne4 38. h4 h5 39. Ke2 Nd6 40. Kd3 Nf5 41. Ke4 Ke7 42. Rc5 Rd6 43. b4 Kd7 44. b5 Kc7 45. bxc6 bxc6 46. Rc3 Rd8 47. Rb3 Rd5 48. a4 Nd6+ 49. Kf4 Rf5+ 50. Ke3 Nc4+ 51. Ke2 Nb6 52. Nd2 a5 53. Ne4 Nxa4 54. Ra3 Nb6 55. Nc5 Nd7 56. Nxe6+ Kd6 57. Nf4 Nb6 58. Kd3 a4 59. f3 Rb5 60. Kc2 Rf5 61. Kd3 Rb5 62. Kc2 Rf5 1/2-1/2

[Event "CAN-op"]
[Site "Quebec CAN"]
[Date "2018.07.11"]
[Round "6.2"]
[White "Yang, Kaiqi"]
[Black "Hebert, Jean"]
[Result "1/2-1/2"]
[WhiteElo "2455"]
[BlackElo "2363"]
[PlyCount "101"]
[GameId "2160767908156899"]
[EventDate "2018.07.07"]
[EventType "swiss"]
[EventRounds "9"]
[EventCountry "CAN"]
[SourceTitle "hb 2018"]

1. c4 e5 2. Nc3 Nf6 3. Nf3 Nc6 4. g3 d5 5. cxd5 Nxd5 6. Bg2 Nb6 7. O-O Be7 8. a3 O-O 9. b4 a6 10. d3 Be6 11. Ne4 f6 12. Be3 Nd5 13. Bc5 Bd6 14. Rc1 Qd7 15. Nfd2 Rad8 16. Nc4 Qe7 17. Qd2 h6 18. Qb2 Bf7 19. Ne3 Nxe3 20. Bxe3 Nb8 21. d4 Bg6 22. dxe5 Bxe5 23. Qb3+ Bf7 24. Qc2 b6 25. Bf4 Bxf4 26. gxf4 a5 27. Ng3 axb4 28. Nf5 Qd7 29. axb4 Be6 30. Ne3 Na6 31. Qe4 c5 32. Rfd1 Qc8 33. Nc4 Rxd1+ 34. Rxd1 f5 35. Qd3 Nxb4 36. Qc3 Rd8 37. Nd6 Qd7 38. Qe5 Bb3 39. Rd2 Rf8 40. h4 Qe6 41. Qc3 Kh8 42. e4 fxe4 43. f5 Qg8 44. Bxe4 Rf6 45. Qe5 Ba4 46. Nb7 Bc6 47. Rd8 Rf8 48. Rd6 Rf6 49. Rd8 Rf8 50. Rd6 Rf6 51. Rd8 1/2-1/2

[Event "CAN-op"]
[Site "Quebec CAN"]
[Date "2018.07.12"]
[Round "7.3"]
[White "Hebert, Jean"]
[Black "Fedorowicz, John"]
[Result "1/2-1/2"]
[WhiteElo "2363"]
[BlackElo "2425"]
[PlyCount "31"]
[GameId "2160767908156924"]
[EventDate "2018.07.07"]
[EventType "swiss"]
[EventRounds "9"]
[EventCountry "CAN"]
[SourceTitle "hb 2018"]

1. d4 Nf6 2. c4 e6 3. Nf3 b6 4. g3 Ba6 5. Qc2 Bb7 6. Bg2 c5 7. dxc5 bxc5 8. O-O Be7 9. Nc3 O-O 10. Rd1 Qb6 11. Bf4 d6 12. e4 Nbd7 13. Rd2 Rfd8 14. Rad1 Ne8 15. h4 Nf8 16. Be3 1/2-1/2

[Event "CAN-op"]
[Site "Quebec CAN"]
[Date "2018.07.13"]
[Round "8.3"]
[White "Kaufman, Raymond"]
[Black "Hebert, Jean"]
[Result "1-0"]
[WhiteElo "2201"]
[BlackElo "2363"]
[PlyCount "133"]
[GameId "2160767908156952"]
[EventDate "2018.07.07"]
[EventType "swiss"]
[EventRounds "9"]
[EventCountry "CAN"]
[SourceTitle "hb 2018"]

1. Nf3 Nf6 2. c4 c5 3. g3 Nc6 4. Bg2 d5 5. cxd5 Nxd5 6. Nc3 Nc7 7. O-O e5 8. d3 Be7 9. Nd2 Bd7 10. Nc4 f6 11. f4 exf4 12. Bxf4 Be6 13. Qb3 Qc8 14. Qa4 Qd7 15. Bxc7 Qxc7 16. Nb5 Qb8 17. Na5 Bd7 18. Nxc6 bxc6 19. Nc3 Qb6 20. Kh1 Rd8 21. Rac1 Qxb2 22. Bxc6 Qb4 23. Bxd7+ Rxd7 24. Qc6 Qb6 25. Qa8+ Rd8 26. Qe4 Rd4 27. Qf3 O-O 28. Rb1 Qe6 29. Rb7 a6 30. Rfb1 Rfd8 31. R1b6 R4d6 32. Rxd6 Qxd6 33. Ra7 Qe5 34. Qe4 Qxe4+ 35. Nxe4 Bf8 36. Kg2 c4 37. dxc4 Rd4 38. Kf3 Rxc4 39. Rxa6 f5 40. Ng5 h6 41. Ne6 Be7 42. h4 g5 43. hxg5 hxg5 44. e3 Kf7 45. Nd4 Rc5 46. a4 Bf6 47. Ra7+ Ke8 48. Ne6 Rc6 49. Ng7+ Bxg7 50. Rxg7 f4 51. Rxg5 fxg3 52. Kxg3 Rc3 53. Kf3 Ke7 54. a5 Ra3 55. Kf4 Ra4+ 56. e4 Kf6 57. Rb5 Ra1 58. Rb6+ Ke7 59. a6 Ra5 60. Rb7+ Ke6 61. Rh7 Ra1 62. Rh6+ Kf7 63. Kf5 Rf1+ 64. Ke5 Ra1 65. Rh7+ Kg6 66. Ra7 Rb1 67. Rb7 1-0

[Event "Sherbrooke op"]
[Site "Sherbrooke CAN"]
[Date "2018.05.27"]
[Round "4"]
[White "Ouellet, Maili-Jade"]
[Black "Hebert, Jean"]
[Result "0-1"]
[WhiteElo "2253"]
[BlackElo "2385"]
[PlyCount "98"]
[GameId "2160767908179182"]
[EventDate "2018.05.25"]
[EventType "swiss"]
[EventRounds "5"]
[EventCountry "CAN"]
[SourceTitle "EXT 2024"]
[Source "ChessBase"]
[SourceDate "2023.10.10"]
[SourceVersion "1"]
[SourceVersionDate "2023.10.10"]
[SourceQuality "1"]

1. d4 Nf6 2. c4 e6 3. Nc3 Bb4 4. e3 c5 5. Bd3 Nc6 6. Nge2 cxd4 7. exd4 d5 8. cxd5 Nxd5 9. Bc2 Bd6 10. a3 Nce7 11. Qd3 a6 12. h4 h6 13. Ng3 f5 14. Nh5 O-O 15. g4 g6 16. Bxh6 gxh5 17. Bxf8 Qxf8 18. gxh5 Qh6 19. Rg1+ Kf7 20. Nxd5 exd5 21. Qf3 Qf4 22. Qxf4 Bxf4 23. Ke2 Bd7 24. Kf3 Bh6 25. Rae1 Nc6 26. Rd1 Rh8 27. Ba4 b5 28. Bb3 Be6 29. Ke2 Bg7 30. Kd3 Bxd4 31. Rd2 Bb6 32. Bd1 Ne5+ 33. Kc2 Ng4 34. Bxg4 fxg4 35. Kd1 Rxh5 36. Ke1 Rxh4 37. Rc2 Rh2 38. Rf1 Bd4 39. Rd2 Bf6 40. Re2 Rh3 41. Kd1 Rb3 42. Kc1 Bf5 43. Rg1 a5 44. Rg3 Rxg3 45. fxg3 Be4 46. b3 Be5 47. Re3 Kf6 48. b4 a4 49. Kd2 Kf5 0-1

[Event "Sherbrooke op"]
[Site "Sherbrooke CAN"]
[Date "2018.05.27"]
[Round "5"]
[White "Hebert, Jean"]
[Black "Durette, Francis"]
[Result "1/2-1/2"]
[WhiteElo "2385"]
[BlackElo "2017"]
[PlyCount "31"]
[GameId "2160767908179183"]
[EventDate "2018.05.25"]
[EventType "swiss"]
[EventRounds "5"]
[EventCountry "CAN"]
[SourceTitle "EXT 2024"]
[Source "ChessBase"]
[SourceDate "2023.10.10"]
[SourceVersion "1"]
[SourceVersionDate "2023.10.10"]
[SourceQuality "1"]

1. Nf3 Nf6 2. c4 g6 3. g3 Bg7 4. Bg2 d6 5. d4 O-O 6. O-O c6 7. Nc3 Na6 8. h3 h6 9. e4 Bd7 10. Be3 Re8 11. e5 Nh7 12. Qd2 g5 13. exd6 exd6 14. Rfe1 Nc7 15. h4 f6 16. Rac1 1/2-1/2

[Event "Choc des Generations"]
[Site "Montreal CAN"]
[Date "2018.04.06"]
[Round "1"]
[White "Hebert, Jean"]
[Black "Huang, Qiuyu"]
[Result "1-0"]
[WhiteElo "2363"]
[BlackElo "2163"]
[PlyCount "95"]
[GameId "2160767908232838"]
[EventDate "2018.04.06"]
[EventType "schev"]
[EventRounds "5"]
[EventCountry "CAN"]
[SourceTitle "hb 2018"]

1. e4 c5 2. Nf3 Nc6 3. Bb5 g6 4. O-O Bg7 5. Re1 Nh6 6. d3 O-O 7. Bxc6 bxc6 8. c3 f5 9. e5 Nf7 10. d4 cxd4 11. cxd4 e6 12. Nc3 c5 13. d5 Rb8 14. Na4 Qc7 15. Be3 Rb5 16. Rc1 c4 17. d6 Qa5 18. Rxc4 Bb7 19. Bd2 Qd8 20. Bc3 g5 21. Rc5 Rxc5 22. Nxc5 Bd5 23. Nd4 Nxe5 24. Rxe5 Bxe5 25. Ndxe6 Bxh2+ 26. Kxh2 dxe6 27. Be5 f4 28. Qh5 Rf5 29. d7 Bc6 30. Qh6 Rxe5 31. Nxe6 Rxe6 32. Qxe6+ Kf8 33. Qxc6 Ke7 34. Qh6 Qg8 35. Kh3 g4+ 36. Kh4 f3 37. gxf3 gxf3 38. Qe3+ Kxd7 39. Qxa7+ Kc6 40. Qa6+ Kc7 41. Qa5+ Kb7 42. Qb4+ Kc7 43. Qc3+ Kd6 44. Qd4+ Kc7 45. Qe5+ Kd7 46. Qd4+ Kc7 47. Qf4+ Kd7 48. Qg4+ 1-0

[Event "Choc des Generations"]
[Site "Montreal CAN"]
[Date "2018.04.07"]
[Round "2"]
[White "Yu, Zong Yang"]
[Black "Hebert, Jean"]
[Result "1-0"]
[WhiteElo "2406"]
[BlackElo "2363"]
[PlyCount "91"]
[GameId "2160767908232846"]
[EventDate "2018.04.06"]
[EventType "schev"]
[EventRounds "5"]
[EventCountry "CAN"]
[SourceTitle "hb 2018"]

1. d4 Nf6 2. c4 e6 3. Nf3 d5 4. g3 Bb4+ 5. Bd2 Bd6 6. Nc3 c6 7. Bg5 Nbd7 8. e4 dxe4 9. Nxe4 Bb4+ 10. Nc3 h6 11. Bd2 O-O 12. Qb3 c5 13. Bg2 cxd4 14. Qxb4 dxc3 15. Bxc3 Ne4 16. O-O a5 17. Qa3 Nxc3 18. Qxc3 Qb6 19. b3 Nc5 20. Ne5 f6 21. Ng6 Re8 22. Qe3 Qc7 23. Nf4 Bd7 24. Rad1 Rad8 25. a3 b6 26. b4 Na6 27. Rb1 axb4 28. axb4 Bc8 29. Rfc1 Qd6 30. c5 bxc5 31. b5 Nb8 32. Qxc5 Qxc5 33. Rxc5 Rd2 34. Rc7 Bd7 35. Bf1 g5 36. Nd3 e5 37. Nc5 Bf5 38. Rc1 Rb2 39. f3 h5 40. Ne4 Rf8 41. Rb7 g4 42. Nd6 Be6 43. Re7 Bd5 44. fxg4 hxg4 45. Rcc7 Rd8 46. Nb7 1-0

[Event "Choc des Generations"]
[Site "Montreal CAN"]
[Date "2018.04.07"]
[Round "3"]
[White "Hebert, Jean"]
[Black "Rodrigue-Lemieux, Shawn"]
[Result "1/2-1/2"]
[WhiteElo "2363"]
[BlackElo "2160"]
[PlyCount "116"]
[GameId "2160767908232849"]
[EventDate "2018.04.06"]
[EventType "schev"]
[EventRounds "5"]
[EventCountry "CAN"]
[SourceTitle "hb 2018"]

1. e4 c6 2. d4 d5 3. e5 Bf5 4. h4 h5 5. Bd3 Bxd3 6. Qxd3 e6 7. Nc3 Nd7 8. Bg5 Qb6 9. Nf3 c5 10. dxc5 Nxc5 11. Qb5+ Qxb5 12. Nxb5 Kd7 13. O-O-O a6 14. Nc3 Kc7 15. Bf4 Nh6 16. Ng5 b5 17. a3 Be7 18. b4 Nb7 19. Kb2 Rac8 20. Nf3 Kb8 21. Bxh6 Rxh6 22. Ne2 Rhh8 23. c3 Rc4 24. Ned4 Rhc8 25. Rd3 Ka7 26. g3 Kb6 27. Re1 a5 28. Nd2 R4c7 29. N2b3 Rg8 30. Rf3 Bd8 31. Rd3 Be7 32. Nf3 Rc4 33. Nbd4 Rgc8 34. Ree3 R4c7 35. Nd2 Rg8 36. N4f3 Rgc8 37. Rd4 Rh8 38. Rf4 Bd8 39. Nb3 Rh7 40. Nbd4 g6 41. Ng5 Bxg5 42. hxg5 Nd8 43. Rh4 Nc6 44. Nxc6 Rxc6 45. bxa5+ Kxa5 46. Rf3 Rc4 47. Kb3 Rg7 48. Rhf4 Rxf4 49. Rxf4 Rh7 50. a4 bxa4+ 51. Rxa4+ Kb5 52. Rf4 Kc5 53. Kc2 Rg7 54. Kd3 Rh7 55. f3 Rg7 56. Ke3 Rh7 57. Kd2 Rg7 58. Kd3 Rh7 1/2-1/2